| 000 | 00860nam a2200241 a 4500 | ||
|---|---|---|---|
| 001 | 56246 | ||
| 003 | BD-RjUL | ||
| 005 | 20211209080355.0 | ||
| 008 | 161127s1967 bg ||||| |||| 00| 0 ben d | ||
| 020 | _c: TK 6.50 | ||
| 035 | _a(BD-RjUL)56370 | ||
| 040 |
_aBD-RjUL _bben _cBD-RjUL |
||
| 041 | _aben | ||
| 082 |
_223 _a813 _bBAH 1967 |
||
| 100 |
_a বাক, পার্ল এস. _9121998 |
||
| 245 | 1 | 0 |
_aহাউস ডিভাইডেড / _cপার্ল এস. বাক |
| 260 |
_aঢাকা : _bনওরোজ কিতাবিস্তান, _c১৯৬৭ |
||
| 300 |
_a২৮৭ পৃ. ; _c২১ সেমি . |
||
| 650 |
_aআমেরিকান উপন্যাস _9167354 |
||
| 650 |
_aAmerican Fictions _9148203 |
||
| 700 |
_aহাফিজ, আবদুল, অনুবাদ _9167355 |
||
| 942 |
_2ddc _cBK |
||
| 999 |
_c56246 _d56246 |
||